| 000 | 00497 a2200157 4500 | ||
|---|---|---|---|
| 999 |
_c538 _d538 |
||
| 008 | 210413b ||||| |||| 00| 0 eng d | ||
| 020 | _a9789352603633 | ||
| 082 | 0 | 0 |
_a320.954076 _bL4259 |
| 100 |
_aLaxmikanth, M. _94898 |
||
| 245 |
_aIndian polity for civil services examinations / _cby M. Laxmikanth |
||
| 250 | _a5th ed. | ||
| 260 |
_aNew Delhi: _bMcGraw Hill Education (India) Pvt. Ltd., _c2018. |
||
| 300 | _axxxix, Axviii.3 p. | ||
| 650 | 0 |
_aIndian Polity _xIndian Constitution |
|
| 942 |
_2ddc _cBK |
||